Wood : materials and processes
| Main Author: | |
|---|---|
| Format: | Book |
| Published: |
Mission Hills, Cal. :
Glencoe Pub. ,
1980
|
| Subjects: |
MARC
| LEADER | 00000cam a2200000 7i4500 | ||
|---|---|---|---|
| 001 | 0000001192 | ||
| 005 | 20140126.0 | ||
| 020 | 0 | 0 | |a 002666240X |
| 090 | 0 | 0 | |a 684.08 |b FEI 1980 |
| 100 | 1 | 0 | |a FEIRER |h John Louis |
| 245 | 1 | 0 | |a Wood : materials and processes |c John L. Feirer |
| 260 | 0 | 0 | |a Mission Hills, Cal. : |b Glencoe Pub. , |c 1980 |
| 300 | |a 592 p. : |b ill. ; |c 25 cm. | ||
| 500 | 0 | 0 | |a Includes index |
| 650 | 0 | 0 | |a Woodwork |
| 998 | |a JPSM | ||
| 999 | |a 0000002373 |b Monograph |c Open Shelf |e Default branch | ||